Normale Ansicht MARC-Ansicht ISBD

The Franco-Prussian War : (Titelsatznr. 71194)

[ MARC ]
MARC-Details
000 -Satzkennung
Kontrollfeld mit fester Länge 02894nam a22003733i 4500
001 - Kontrollnummer
Kontrollfeld EBC31060516
003 - Kontrollnummer Identifier
Kontrollfeld MiAaPQ
005 - Datum und Zeit der letzten Transaktion
Kontrollfeld 20240528111509.0
007 - Feld mit fester Länge zur physischen Beschreibung - Allgemeine Information
Kontrollfeld mit fester Länge cr cnu||||||||
008 - Feld mit fester Länge zur physischen Beschreibung - Allgemeine Angaben
Kontrollfeld mit fester Länge 240528s2024 xx o ||||0 eng d
020 ## - Internationale Standardbuchnummer
Internationale Standardbuchnummer 9781040046128
Nähere Angaben (electronic bk.)
020 ## - Internationale Standardbuchnummer
Gelöschte/ungültige ISBN 9781032373935
040 ## - Katalogisierungsquelle
Original-Katalogisierungsstelle MiAaPQ
Katalogisierungssprache eng
Übertragungsstelle MiAaPQ
100 1# - Haupteintragung - Personenname
Personenname Varley, Karine.
Koha-Normdatenidentnummer 57678
245 14 - Titel
Titel The Franco-Prussian War :
Zusatz zum Titel Turning-Points in European Experiences and Perceptions of Military Conflict.
250 ## - Ausgabebezeichnung
Ausgabebezeichnung 1st ed.
264 #1 - Produktion, Veröffentlichung, Distribution, Herstellung und Urheberrechtsvermerk
Herstellungs-, Veröffentlichungs- Vertriebs-, Erzeugungsort Oxford :
Produzent, Herausgeber, Distributor, Hersteller Taylor & Francis Group,
Datum der Herstellung, der Veröffentlichung, des Vertriebs oder des Urheberschutzvermerks 2024.
264 #4 - Produktion, Veröffentlichung, Distribution, Herstellung und Urheberrechtsvermerk
Datum der Herstellung, der Veröffentlichung, des Vertriebs oder des Urheberschutzvermerks ©2024.
300 ## - Physische Beschreibung
Umfang 1 online resource (204 pages)
336 ## - Inhaltstyp
Inhaltstypterm Text
Inhaltstypcode txt
Quelle rdacontent
337 ## - Medientyp
Bezeichnung des Medientyps Computermedien
Medientypcode c
Quelle rdamedia
338 ## - Datenträgertyp
Datenträgertypbezeichnung Online Resource
Datenträgertypcode cr
Quelle rdacarrier
490 1# - Gesamttitelangabe
Gesamttitelangabe Routledge Studies in the Modern History of France Series
500 ## - Allgemeine Fußnote
Allgemeine Fußnote E-Book-ProQuest / Fernzugriff nach Registrierung möglich
505 0# - Fußnote zu strukturierten Inhaltsangaben
Fußnote zu strukturierten Inhaltsangaben Cover -- Half Title -- Series -- Title -- Copyright -- Contents -- List of contributors -- Introduction -- Part 1 Military and diplomatic repercussions -- 1 Tactics, learning and the civil-military interface in Europe, 1870-1875 -- 2 The legacy of the Franco-Prussian War on Belgian neutrality -- 3 The Franco-Prussian War and the Ottoman adoption of Realpolitik -- 4 Political discourses between militarism and pacifism in th -- Part 2 Nationalism and race -- 5 The impact of the war on definitions of the nation in France and Germany -- 6 Historiographical nationalism as a legacy of the Franco-Prussian War -- 7 Racist responses to the national calamity -- Part 3 Perceptions and memories -- 8 Uninvolved and fascinated battlefield tourists in the Franco-Prussian War -- 9 Journalists, artists and writers as Schlachtenbummler on the battlefields of 1870-71 -- 10 Map representations of the war of 1870-71 in German school textbooks -- Part 4 Cultural representations -- 11 Losing the war and losing heart in the fiction of the defeat -- 12 The reception of French 1870-71 war literature in Britain -- 13 The war of 1870-71 as a digital event on Twitter and YouTube -- Select bibliography -- Index.
520 ## - Fußnote zu Zusammenfassungen usw.
Fußnote zur Zusammenfassung usw. The Franco-Prussian War of 1870-71 has traditionally been seen as a limited conflict between French and German forces. This edited volume challenges this view and shows that it was a war of ideas, values and perceptions which transformed the political, diplomatic, and military culture across Europe.
655 ## - Indexierungsterm - Genre/Form
Genre/Form oder fokussierter Term Fernzugriff
Koha-Normdatenidentnummer 230
655 #4 - Indexierungsterm - Genre/Form
Genre/Form oder fokussierter Term
776 08 - Andere physische Form
Verweisungsphrase Print version:
Haupteintragung Varley, Karine
Titel The Franco-Prussian War
Ort, Verlag und Erscheinungsjahr Oxford : Taylor & Francis Group,c2024
Internationale Standardbuchnummer 9781032373935
830 #0 - Nebeneintragung unter dem Gesamttitel - Einheitstitel
Einheitstitel Routledge Studies in the Modern History of France Series
Koha-Normdatenidentnummer 58491
856 40 - Elektronische Adresse und Zugriff
URL <a href="https://ebookcentral.proquest.com/lib/maxweberstiftung-ebooks/detail.action?docID=31060516">https://ebookcentral.proquest.com/lib/maxweberstiftung-ebooks/detail.action?docID=31060516</a>
OPAC-Notiz Volltext
942 ## - Zusätzliche Felder (Koha)
Koha-Medientyp E-Books
Exemplare
Ausgeschieden Verloren Klassifikation oder Aufstellungssystematik Beschädigt Nicht entleihbar Heimatbibliothek Aufenthaltsbibliothek Aufstellungsort Erwerbungsdatum Inventarnummer Signatur Barcode Letzte Aktivität Preis gültig von Koha-Medientyp
    Andere/Generische Klassifikation     MWN Osteuropa MWN Osteuropa Online-Ressource 28/05/2024 24-e00909 E-24-e00909 74087 28/05/2024 28/05/2024 E-Books